Impossible Harry Potter N.E.W.T - Statistics

General Stats
  • This quiz has been taken 372 times
  • The average score is 5 of 10
Answer Stats
Hint Answer % Correct
Name Ginny's Pygmy Puff Arnold
86%
What is Tonks' Mothers Name Andromeda
80%
Ginny's Boyfriend in The Order of the Phoenix Michael Corner
70%
Complete the Quote, Umbridge: I will have.... Order
54%
What is Neville's Aunt's First Name? Augusta
46%
Name in Age Order The Pevrell Brothers (Oldest to Youngest) Antioch Cadmus Ignotus
45%
What Year Was Lucius Malfoy Born? 1954
39%
What is the Nickname for a Lupin-Sirius Ship? Wolfstar
34%
Names George Weasley's Children Fred II Roxanne
15%
Ron Weasley's First Wand Measurents, Core and Wood 12 inches Unicorn Hair Ash
4%
No matching quizzes found
Score Distribution
Percent of People with Each Score
Percentile by Number Answered
Your Score History
You have not taken this quiz